000 00500cam a2200193ua 4500
001 3737
008 111129n ii |||gr||||Z||||||asm
040 _cMAIN
082 _a891.4514
100 1 _aMataprasad,
245 1 1 _aDalit sahitya
_cby Mataprasad
250 _a1st.
260 _aDibrugarh:
_bAssamese deptt. Dibrugarh university,996.
300 _a72p:
_c23cm.
653 _aAssamese literature
653 _aDalit sahitya
700 1 _aBezborah, Nirajana Mohanta,
_eTranlator.
942 _cBK
999 _c3563
_d3563